El anormal que cada día vemos hacer (Record no. 113729)

MARC details
000 -LEADER
campo de control de longitud fija 00605nam a2200181 i 4500
001 - NÚMERO DE CONTROL
campo de control 113729
003 - IDENTIFICADOR DE NÚMERO DE CONTROL
campo de control ES-MaACL
005 - FECHA Y HORA DE LA ÚLTIMA TRANSACCIÓN
campo de control 20230906190005.0
007 - CAMPO FIJO DE DESCRIPCIÓN FÍSICA--INFORMACIÓN GENERAL
campo de control de longitud fija t|
008 - DATOS DE LONGITUD FIJA--INFORMACIÓN GENERAL
campo de control de longitud fija 061121s1926 sp |||| | spa d
100 1# - ENTRADA PRINCIPAL--NOMBRE DE PERSONA
Nombre de persona Noguera López, Julio.
9 (RLIN) 85877
245 13 - MENCIÓN DEL TÍTULO
Título El anormal que cada día vemos hacer
Resto del título : estudio psico-médico-pedagógico de un caso /
Mención de responsabilidad, etc. Julio Noguera López.
260 ## - PUBLICACIÓN, DISTRIBUCIÓN, ETC.
Lugar de publicación, distribución, etc. Madrid :
Nombre del editor, distribuidor, etc. Ministerio de la Gobernación,
Fecha de publicación, distribución, etc. 1926.
300 ## - DESCRIPCIÓN FÍSICA
Extensión 7 p. ;
Dimensiones 22 cm.
650 04 - PUNTO DE ACCESO ADICIONAL DE MATERIA--TÉRMINO DE MATERIA
Término de materia o nombre geográfico como elemento de entrada Deficiencia mental.
9 (RLIN) 11548
710 1# - ENTRADA AGREGADA--NOMBRE DE ENTIDAD CORPORATIVA
Nombre de entidad corporativa o nombre de jurisdicción como elemento de entrada España.
Unidad subordinada Ministerio de Gobernación.
9 (RLIN) 3872
852 ## - LOCALIZACIÓN
Ubicación ES-MaACL
Número de control de estantería 1705-F-2
Holdings
Estatus retirado Estado de pérdida Estado de daño No para préstamo Colección Biblioteca de origen Biblioteca actual Ubicación en estantería Fecha de adquisición Fuente de adquisición Total de préstamos Signatura topográfica completa Código de barras Visto por última vez Precio de reemplazo Tipo de ítem Koha
        Colección de folletos Biblioteca del Ateneo de Madrid Biblioteca del Ateneo de Madrid Depósito folletos 17/01/2008     1705-F-2 1118611 23/02/2023 23/02/2023 Folleto